000 00528nam a2200193Ia 4500
003 OSt
005 20260129145734.0
008 210210b1937 xxu||||| |||| 00| 0 eng d
040 _cAL
041 _aKannada
082 _a853/289
100 _aBHUJANGA RAV (B)
_9144884
_dಭುಜಂಗ ರಾವ್ (ಬಿ)
245 _aPratikara
_b ಪ್ರತೀಕಾರ
260 _aMangaluru
_bU R Shenoy & sons,
_c1937
650 _aPratIkAra
_9144885
690 _aKannada Drama
_9144886
906 _a019565
942 _2ddc
_cBK
999 _c143700
_d143700